[Event "FRA-ch Blitz Online Qual"]
[Site "Europe Echecs INT"]
[Date "2020.05.16"]
[Round "2"]
[White "Langer, Frank"]
[Black "Schrefheere, Anthime"]
[Result "0-1"]
[WhiteElo "1327"]
[BlackElo "1750"]
[PlyCount "52"]
[EventDate "2020.05.16"]
[EventType "swiss (blitz)"]
[EventRounds "15"]
[EventCountry "FRA"]
[SourceTitle "CBM 196 Extra"]
[Source "ChessBase"]
[SourceDate "2020.07.31"]
[SourceVersion "1"]
[SourceVersionDate "2020.07.31"]
[SourceQuality "1"]

1. d4 Nf6 2. c4 g6 3. Nc3 d5 4. Nf3 Bg7 5. Qb3 c6 6. cxd5 Nxd5 7. Nxd5 Qxd5 8. Qxd5 cxd5 9. Bf4 Nc6 10. e3 0-0 11. a3 Bf5 12. Bb5 Na5 13. 0-0 a6 14. Ba4 b5 15. Bd1 Rac8 16. a4 Nc4 17. axb5 axb5 18. b3 Nb2 19. Be2 Bd3 20. Bxd3 Nxd3 21. Bg3 Rc3 22. Rab1 Rfc8 23. Ne1 Nc1 24. Nf3 Nxb3 25. Ne5 Bxe5 26. Bxe5 f6 0-1